banner koha

Efeito de fungos micorrizicos vesiculo-arbusculares no crescimento de Eucalyptus grandis, em condicoes de campo (Registro n. 159119)

MARC details
000 -LÍDER
campo de controle de tamanho fixo 00929nas a2200313 4500
001 - NÚMERO DE CONTROLE
campo de controle BR9801358
003 - IDENTIFICADOR DO NÚMERO DE CONTROLE
campo de controle BR-BrBNA
005 - DATA E HORÁRIO DA ÚLTIMA TRANSAÇÃO
campo de controle 20231205100957.0
007 - CAMPO FIXO DE DESCRIÇÃO FÍSICA--INFORMAÇÃO GERAL
campo de controle de tamanho fixo ta
008 - CAMPO DE DADOS FIXOS--INFORMAÇÃO GERAL
campo de controle de tamanho fixo 230509b bl.|||p| |||| 00| 00por d
040 ## - FONTE DA CATALOGAÇÃO
Instituição da catalogação original BR-BrBNA
Idioma da catalogação por
Instituição que transcreveu o registro Biblioteca Nacional de Agricultura
041 ## - CÓDIGO DE IDIOMA
Código do idioma do texto/trilha sonora ou título diferente (Pt)
072 ## - CÓDIGO DE CATEGORIA DE ASSUNTO
Código de Categoria de Assunto F61; P34
100 1# - ENTRADA PRINCIPAL--NOME PESSOAL
Nome pessoal Lima, P.C.
100 1# - ENTRADA PRINCIPAL--NOME PESSOAL
Nome pessoal Paula Junior, T.J. de
100 1# - ENTRADA PRINCIPAL--NOME PESSOAL
Nome pessoal Zambolim, L.
245 1# - TÍTULO
Título Efeito de fungos micorrizicos vesiculo-arbusculares no crescimento de Eucalyptus grandis, em condicoes de campo
650 ## - ASSUNTO--TERMO TÓPICO
Cabeçalho tópico ou nome geográfico Eucalipto
650 ## - ASSUNTO--TERMO TÓPICO
Cabeçalho tópico ou nome geográfico Fungo
650 ## - ASSUNTO--TERMO TÓPICO
Cabeçalho tópico ou nome geográfico Micorriza
650 ## - ASSUNTO--TERMO TÓPICO
Cabeçalho tópico ou nome geográfico Simbiose
650 ## - ASSUNTO--TERMO TÓPICO
Cabeçalho tópico ou nome geográfico Transplante de Planta
650 ## - ASSUNTO--TERMO TÓPICO
Cabeçalho tópico ou nome geográfico Muda
650 ## - ASSUNTO--TERMO TÓPICO
Cabeçalho tópico ou nome geográfico Campo Experimental
650 ## - ASSUNTO--TERMO TÓPICO
Cabeçalho tópico ou nome geográfico Performance
773 0# - ENTRADA ANALÍTICA
Título Revista Arvore (Brazil)
ISSN - International Standard Serial Number ISSN 0100-6762
Partes relacionadas (May-Aug 1994), v. 18(2) p. 169-178
Número de controle do registro BR9801358
909 ## -
-- 202311
-- Lúcia
-- 55
-- Lúcia Elande
942 ## - ELEMENTOS DE ENTRADA ADICIONADOS (KOHA)
Fonte da classificação ou esquema de arquivamento na estante Classificação AGRIS
Ocultar no OPAC Não
Tipo de material Koha Analítica
Exemplares
Situação do descarte Fonte da classificação ou esquema de arquivamento na estante Situação física Não pode ser emprestado Biblioteca de origem Biblioteca atual Localização na estante Enumeração do periódico / cronologia Total de empréstimos Data de último acesso Número do exemplar Tipo de material Koha Fonte de aquisição
  Classificação AGRIS   Consulta local Biblioteca Nacional de Agricultura - Binagri Biblioteca Nacional de Agricultura - Binagri   (May-Aug 1994), v. 18(2) p. 169-178   29/11/2023 01 Periódicos Portaria Interministerial nº 164/94

BINAGRI

Telefone: (61)3218-2567/2388/3357/2097 - binagri@agro.gov.br

Ministério da Agricultura e Pecuária , Esplanada dos Ministérios, Bloco D, Anexo B, Brasília/DF, CEP: 70.043-900